000 00327nam a2200121Ia 4500
008 240731s9999 xx 000 0 und d
022 _a1470-1014
245 0 _aPolitikon : South African Journal of Political Studies
260 _bRoutledge
856 _uhttps://www.tandfonline.com/loi/cpsa20
942 _2ddc
942 _cTFEJ
999 _c78988
_d78988
945 _a1
_bMadushi Gamage
_c1
_dMadushi Gamage